000 004260000a22001690004500
003 MACL
005 20160108123549.0
008 160108b xxu||||| |||| 00| 0 eng d
040 _aMACL
_cMACL
041 _aEnglish
082 _a920.2/MOM
100 _aMathai, M O
_929584
245 _aMy days With Nehru
260 _bVikash Publishing House
_c1979
_aNew Delhi
650 _aBiography
_929585
942 _cBK
_k920.2/Mat
_2ddc
999 _c34314
_d34314